| 000 | 00498nam a2200133Ia 4500 | ||
|---|---|---|---|
| 008 | 250506s9999 xx 000 0 und d | ||
| 024 | _a09B-135-EE, 09B-162-EE, 10B-123-EE & 10B-129-EE | ||
| 082 | _a670.427072 SHU | ||
| 100 | _aShujaat Ali, Mubashir Hussain, Farman Ullah Khan & Niaz Ahmed Shaikh | ||
| 245 | 0 | _aAutomatic Soap Cutting and Sorting Conveyor Belt System by Using PLC | |
| 260 |
_aKarachi: _bUIT, _c2010 |
||
| 600 | _aElectronic Engineering | ||
| 650 | _aBachelor of Engineering (BE) | ||
| 999 |
_c28035 _d28035 |
||